| 000 | 01555 a2200301 4500 | ||
|---|---|---|---|
| 001 | 13421 | ||
| 005 | 20260407155442.0 | ||
| 008 | 260407a1999 arg spa d | ||
| 003 | AR-UNSa-BCEJYS | ||
| 040 |
_aAR-UNSa-BCEJYS _bspa _cAR-UNSa-BCEJYS |
||
| 080 |
_a657.6 _xAuditoria (control interno) |
||
| 245 | 1 | 0 |
_aAuditoria _ptemas seleccionados |
| 020 | _a950-537-494-1 | ||
| 264 | 1 |
_aBuenos Aires : _bEdiciones Macchi _c1999 |
|
| 300 |
_axvii, 393 p. _c22 cm. |
||
| 505 | _a1.La auditoria integral - 2.La auditoria del medio ambiente - 3.La auditoria y la corrupción - 4.Los cambios en el proceso de presentación de servicios profesionales de auditoría - 5.Nuevas pautas y enfoque del control interno - 6.La federación internacional de contadores - 7.Auditoría de entidades financieras - 8.Auditoría de entidades aseguradoras - 9.Normas de información contable requeridas para las sociedades que hacen oferta pública de sus valores mobiliarios - 10.Procedimientos de revisión analítica - 11.El auditor externo frente al inventario fisico de existencias. | ||
| 942 | _cBK | ||
| 590 | _aniveau_biblio:m niveau_hierar:0 | ||
| 100 | 1 | _aCasal, Armando Miguel | |
| 700 | 1 | _aWainstein, Mario | |
| 700 | 1 | _aHourcle, Roberto A. | |
| 700 | 1 | _aLattuca, Antonio Juan | |
| 700 | 1 | _aLópez, Ricardo Daniel | |
| 700 | 1 | _aLores, Jorge | |
| 700 | 1 | _aNacuzzi, Norberto Marcelo | |
| 700 | 1 | _aSrulevich, Carlos Bernardo | |
| 856 | 4 | 1 |
_uhttps://biblioeco.unsa.edu.ar/pmb/images/libros/Auditoria Wainstein, Mario (1999).jpg _yImagen de portada _qimage/jpeg |
| 999 |
_c521 _d521 |
||